000 01467nam a2200373 c 4500
003 BLK
005 20250604101911.0
008 180411b bul|||||r ||||||| ||bul||
010 _aKNG00196721000
020 _a978-619-157-175-8
_bиздат.: Ибис
040 _aBLK
041 _aBUL
_cBUL
072 7 _2bullib
_aН8300
_xРомантична проза Н
080 _aАмериканска литература (на САЩ)
_b821.111(73)
_x-31
_z821.111(73)-31
100 1 _aАшли, Кристен
_eпърви автор
_9340267
700 1 _aПаунова, Вера
_eпрев.
_9371372
700 1 _aЛабова, Гергана
_eпрев.
_986921
139 _aАшли, Кристен
_bА 98
245 1 0 _aНово начало
_bРоман
_cКристен Ашли; прев. Вера Паунова; прев. Гергана Лабова.
257 _aUSA
260 София
_bИбис
_c2016
_fСофия : Симолини
300 _a622 с.
_c21 см
380 _aX
490 1 _aКолекция Избрани съвременни любовни романи
500 _aОриг. загл. Soaring / Kristen Ashley.
653 _aромантична проза
659 _aН
852 _aЦб 283289
856 4 _qpdf
_u
856 4 _qpdf
_u
942 _cKNG
_n0
_057
944 _aCR
_c23.11.2016
_lЦветелина Шанова
_k30531
944 _aED
_c16.06.2017
_lф /
_kПенка_Димитрова
999 _c187704
_d187704